000 00759nam a2200217Ii 4500
003 JO-AjNU
008 230605s9999||||xx |||||||||||||| ||und||
017 _a1994/5925
020 _a977-01-4018-X
040 _aJO-AjNU
_bara
_erda
_cJO-AjNU
041 _aara
050 1 4 _aPJ7810.A26.K3 1994
100 3 _aتأليف مصطفى،أحمد عنتر,
_eauthor
_918480
245 0 0 _aكائنات وترية: قراءات إبداعية في الشعر العربي
264 3 1 _aالقاهرة:الهيئة المصرية العامة للكتاب،1994
300 _a294ص
336 _atext
_btxt
_2rdacontent
337 _aunmediated
_bn
_2rdamedia
338 _avolume
_bnc
_2rdacarrier
650 4 _a الشعر العربي - تاريخ ونقد
_918481
999 _aA5918
_c9486
_d9486